| 000 | 00882nam a2200253 i 4500 | ||
|---|---|---|---|
| 001 | bg | ||
| 100 | 1 | _aPŁASKA, Stanisław | |
| 245 | 1 | 0 |
_aWprowadzenie do statystycznego sterowania procesami technologicznymi / _cStanisław Płaska. |
| 260 |
_aLublin : _bWydaw. Politechniki Lubelskiej, _c2000. |
||
| 300 |
_a873 s. : _bil. ; _c25 cm. |
||
| 504 | _aIndeks. | ||
| 650 | 9 |
_aSterowanie _xstosowanie _xprzemysł |
|
| 650 | 9 |
_aJakość produktu _xkontrola _xmetody |
|
| 650 | 9 |
_aJakość wyrobów _xkontrola _xmetody |
|
| 650 | 9 |
_aStatystyka matematyczna _xstosowanie _xprzemysł |
|
| 020 | _a8388110578 | ||
| 040 | _cBPK | ||
| 041 | 0 | _apol | |
| 080 | _a65-52:658.56:519.2 | ||
| 920 | _a83-88110-57-8 | ||
| 942 | _cKS | ||
| 008 | s pl f |000 0 pol | ||
| 999 |
_c42886 _d42886 |
||
| 856 |
_uhttp://koha.tu.koszalin.pl/cgi-bin/koha/opac-detail.pl?biblionumber=42886 _yKatalog online BPK |
||